The savry investor's guide to profiting from the wireless wave : Tapping into wireless

Bibliographic Details
Main Author: Taulli, Tom
Other Authors: Mock, Dave
Format: Book
Published: New York : McGraw-Hill , 2002
Subjects:

MARC

LEADER 00000cam a2200000 7i4500
001 0000011942
005 20050415.0
020 |a 0071384197 
040 |a INS 
090 0 0 |a HE9713.   |b T38 2002 
100 1 |a Taulli, Tom 
245 1 0 |a The savry investor's guide to profiting from the wireless wave :   |b Tapping into wireless   |c Tom Taulli, Dave Mock 
260 |a New York :   |b McGraw-Hill ,   |c 2002 
300 |a xxiv :   |b 279p ;   |c 24cm. 
650 0 0 |a Cellular telephone services industry 
650 0 0 |a Securities 
650 0 0 |a Telecommunication 
650 0 0 |a Telephone, wireless 
700 1 |a Mock, Dave 
999 |a 0000012998   |b BOOK   |c Open Shelf   |e Default branch